00748nam a2200205 a 450000100100000000500170001000800410002702000180006804000250008604100130011110000270012424500910015126000470024230000210028970000320031070000290034270000490037195201050042099900170052500004319520201002040719.0140224s2008 ag 000 0 spa d a9789500826037 aDO-SdBNPbspacBNPHU17aspaheng1 aGreene, Robert.97078814aLas 48 leyes del poder /cRobert Greene ; traducción de Ana Bustelo y César Vidal. aBuenos Aires :bAtlántida,c2008.bil.,. a213 p. ;c19 cm.1 aElffers, Joost,eed.9707891 aBustelo, Anaetr.9707901 aVidal Manzanares, Césard1958-etr.946846 001050718MOaGRbGRcCTd2014-02-24iLF1l0o p43195-10r2020-06-25w2020-06-25y1ZNo se presta c42684d42684